Darlegung der Bedeutung = Atthasālinī : der Kommentar zur Dhammasaṅgaṇi /
Saved in:
| Main Author: | |
|---|---|
| Corporate Author: | |
| Other Authors: | , , |
| Format: | Book |
| Language: | German Pali |
| Published: |
Oxford :
Pali Text Society,
2005.
|
| Series: | Pali Text Society translation series ;
no. 53. |
| Subjects: | |
| Tags: |
Add Tag
No Tags, Be the first to tag this record!
|
| LEADER | 01724cam a2200445 a 4500 | ||
|---|---|---|---|
| 001 | 009774501-4 | ||
| 005 | 20170706075522.0 | ||
| 008 | 050928s2005 enk b 001 0 ger | ||
| 015 | |a GBA583574 |2 bnb | ||
| 016 | 7 | |a 013305266 |2 Uk | |
| 020 | |a 0860134040 (hbk.) | ||
| 020 | |a 9780860134046 (hbk.) | ||
| 035 | 0 | |a ocm62088490 | |
| 040 | |a UKM |b eng |c UKM |d IUL |d NYP |d OCLCQ |d OCLCG |d DRB | ||
| 041 | 1 | |a ger |g eng |h pli | |
| 042 | |a pcc | ||
| 050 | 4 | |a BQ2505 |b .B8415 2005 | |
| 082 | 0 | 4 | |a 294.3824 |2 22 |
| 100 | 0 | |a Buddhaghosa. | |
| 240 | 1 | 0 | |a Atthasālinī. |l German |
| 245 | 1 | 0 | |a Darlegung der Bedeutung = |b Atthasālinī : der Kommentar zur Dhammasaṅgaṇi / |c übersetzt von Bhikkhu Nyānaponika ; redaktionell bearbeitert und ediert von Sven Bretfeld und Rainer Knopf. |
| 246 | 3 | 1 | |a Atthasālinī |
| 260 | |a Oxford : |b Pali Text Society, |c 2005. | ||
| 300 | |a xiii, 651 p. ; |c 22 cm. | ||
| 490 | 1 | |a Translation series ; |v vol. 50 [i.e. 53] | |
| 500 | |a Includes indexes. | ||
| 500 | |a Misprinted as vol. 50 in Translation series. Correct numbering is vol. 53 per publisher. | ||
| 546 | |a Preface also in English. | ||
| 504 | |a Includes bibliographical references and index. | ||
| 630 | 0 | 0 | |a Tipiṭaka. |p Abhidhammapiṭaka. |p Dhammasaṅgaṇi |v Commentaries. |
| 655 | 7 | |a Commentaries. |2 fast | |
| 700 | 0 | |a Nyanaponika, |c Thera, |d 1901-1994. | |
| 700 | 1 | |a Bretfeld, Sven. | |
| 700 | 1 | |a Knopf, Rainer. | |
| 710 | 2 | |a Pali Text Society (London, England) | |
| 776 | 0 | 8 | |i Online version: |a Buddhaghosa. |s Atthasālinī. German. |t Darlegung der Bedeutung. |d Oxford : Pali Text Society, 2005 |w (OCoLC)988948449 |
| 830 | 0 | |a Pali Text Society translation series ; |v no. 53. | |
| 988 | |a 20051011 | ||
| 049 | |a HLSS | ||
| 906 | |0 OCLC | ||


